MARC details
| 000 -LEADER |
| fixed length control field |
02253cam a22004454a 4500 |
| 001 - CONTROL NUMBER |
| control field |
ocm70253474 |
| 003 - CONTROL NUMBER IDENTIFIER |
| control field |
TZ-ArACH |
| 005 - DATE AND TIME OF LATEST TRANSACTION |
| control field |
20230307122757.0 |
| 008 - FIXED-LENGTH DATA ELEMENTS--GENERAL INFORMATION |
| fixed length control field |
060922s2006 fr b i000 0 eng d |
| 010 ## - LIBRARY OF CONGRESS CONTROL NUMBER |
| LC control number |
2007373390 |
| 020 ## - INTERNATIONAL STANDARD BOOK NUMBER |
| International Standard Book Number |
9287158673 |
| 020 ## - INTERNATIONAL STANDARD BOOK NUMBER |
| International Standard Book Number |
9789287158673 |
| 035 ## - SYSTEM CONTROL NUMBER |
| System control number |
(OCoLC)70253474 |
| 040 ## - CATALOGING SOURCE |
| Original cataloging agency |
UU-L |
| Transcribing agency |
TZ-ArACH |
| 042 ## - AUTHENTICATION CODE |
| Authentication code |
lccopycat |
| 043 ## - GEOGRAPHIC AREA CODE |
| Geographic area code |
e------ |
| 049 ## - LOCAL HOLDINGS (OCLC) |
| Holding library |
SZTA |
| 050 00 - LIBRARY OF CONGRESS CALL NUMBER |
| Classification number |
KJC5186 |
| Item number |
.M38 2006 |
| 100 1# - MAIN ENTRY--PERSONAL NAME |
| Personal name |
Mathieu, Bertrand, |
| Titles and other words associated with a name |
docteur en droit. |
| 245 14 - TITLE STATEMENT |
| Title |
Right to life in European constitutional and international case-law / |
| Statement of responsibility, etc |
Bertrand Mathieu. |
| 246 11 - VARYING FORM OF TITLE |
| Title proper/short title |
Droit à la vie |
| 246 34 - VARYING FORM OF TITLE |
| Title proper/short title |
Right to life |
| 260 ## - PUBLICATION, DISTRIBUTION, ETC. (IMPRINT) |
| Place of publication, distribution, etc |
Strasbourg : |
| Name of publisher, distributor, etc |
Council of Europe Pub., |
| Date of publication, distribution, etc |
c2006. |
| 300 ## - PHYSICAL DESCRIPTION |
| Extent |
124 p. ; |
| Dimensions |
24 cm. |
| 440 #0 - SERIES STATEMENT/ADDED ENTRY--TITLE |
| Title |
Europeans and their rights |
| 500 ## - GENERAL NOTE |
| General note |
"April 2006"--T.p. verso. |
| 500 ## - GENERAL NOTE |
| General note |
Also published in French under title: Le droit à la vie. |
| 504 ## - BIBLIOGRAPHY, ETC. NOTE |
| Bibliography, etc |
Includes bibliographical references (p. 123). |
| 505 00 - FORMATTED CONTENTS NOTE |
| Miscellaneous information |
Introduction -- |
| -- |
ch. 1. |
| Title |
Situating the rights to life within the system of fundamental rights: |
| Miscellaneous information |
section 1. |
| Title |
How the principle is formulated in conventions and constitutions -- |
| Miscellaneous information |
section 2. |
| Title |
The nature of the right to life -- |
| Miscellaneous information |
ch. 2. |
| Title |
The scope of constitutional and international protection of the right to life: |
| Miscellaneous information |
section 1. |
| Title |
The question of the right to give life -- |
| Miscellaneous information |
section 2. |
| Title |
Protection of life before birth -- |
| Miscellaneous information |
section 3. |
| Title |
Protection of the life after birth -- |
| Miscellaneous information |
ch. 3. |
| Title |
Convergence and divergence in the protection of life in Europe: |
| Miscellaneous information |
section 1. |
| Title |
Building a common body of European law -- |
| Miscellaneous information |
section 2. |
| Title |
Controversial issues -- |
| Miscellaneous information |
Bibliography. |
| 650 #0 - SUBJECT ADDED ENTRY--TOPICAL TERM |
| Topical term or geographic name as entry element |
Right to life |
| Geographic subdivision |
Europe |
| General subdivision |
Cases. |
| 650 #0 - SUBJECT ADDED ENTRY--TOPICAL TERM |
| Topical term or geographic name as entry element |
Human rights |
| Geographic subdivision |
Europe |
| General subdivision |
Cases. |
| 650 17 - SUBJECT ADDED ENTRY--TOPICAL TERM |
| Topical term or geographic name as entry element |
Recht op leven. |
| Source of heading or term |
gtt |
| 650 17 - SUBJECT ADDED ENTRY--TOPICAL TERM |
| Topical term or geographic name as entry element |
Rechtspraak. |
| Source of heading or term |
gtt |
| 650 17 - SUBJECT ADDED ENTRY--TOPICAL TERM |
| Topical term or geographic name as entry element |
Europese Hof voor de Rechten van de Mens. |
| Source of heading or term |
gtt |
| 9 (RLIN) |
4195 |
| 651 #7 - SUBJECT ADDED ENTRY--GEOGRAPHIC NAME |
| Geographic name |
EU-landen. |
| Source of heading or term |
gtt |
| 710 2# - ADDED ENTRY--CORPORATE NAME |
| Corporate name or jurisdiction name as entry element |
Council of Europe. |
| 776 08 - ADDITIONAL PHYSICAL FORM ENTRY |
| Display text |
Online version: |
| Main entry heading |
Mathieu, Bertrand, docteur en droit. |
| Title |
Right to life in European constitutional and international case-law. |
| Place, publisher, and date of publication |
Strasbourg : Council of Europe Pub., c2006 |
| Record control number |
(OCoLC)607870448 |
| 856 41 - ELECTRONIC LOCATION AND ACCESS |
| Materials specified |
Table of contents only |
| Uniform Resource Identifier |
<a href="http://www.loc.gov/catdir/toc/fy0709/2007373390.html">http://www.loc.gov/catdir/toc/fy0709/2007373390.html</a> |
| 942 ## - ADDED ENTRY ELEMENTS (KOHA) |
| Source of classification or shelving scheme |
Library of Congress Classification |
| Koha item type |
Books |